Yüklüyor......

The luminous life of Govind Vallbh Pant/

Detaylı Bibliyografya
Diğer Yazarlar: Shyam Dua, Ed
Materyal Türü: Printed Book
Baskı/Yayın Bilgisi: Delhi: Printline Books, 2007.
Seri Bilgileri:The luminous life of
Konular:
LEADER 006200000a22001690004500
020 |a 9788130404256 
082 |a 923.2 GOV  |b P7 
245 |a The luminous life of Govind Vallbh Pant/  |c ed by Shyam Dua 
260 |a Delhi:  |b Printline Books,  |c 2007. 
300 |a 96p. 
490 |a The luminous life of 
650 |a Govind Vallabh Pant-Biography.  |9 4248 
650 |a Politicians-India-Biography.  |9 4249 
700 |a Shyam Dua, Ed.  |9 4245 
942 |c BK 
999 |c 51138  |d 51138 
952 |0 0  |1 0  |4 0  |6 923_200000000000000_GOV_P7  |7 0  |9 51870  |a MGUL  |b MGUL  |c GEN  |d 2013-07-16  |e Rs.30.00  |l 1  |o 923.2 GOV P7  |p 49228  |r 2018-05-18  |s 2018-05-08  |w 2013-07-16  |y BK